000 00511nam a2200181Ia 4500
999 _c38569
_d38569
003 GCL
005 20240530103327.0
008 140319s9999 xx 000 0 ara d
040 _aGCL /
_cGCL
082 0 4 _a921.2
_bا ج
100 1 _aاحمد فؤاد الاهوانى
245 1 0 _aجون ديوى /
_cاحمد فؤاد الاهوانى
300 _a230 ص
490 _aنوابغ الفكر العربى
_v0
650 0 4 _aجون ديوى
650 0 4 _aالفلاسفة - تراجم
942 _2ddc
_cBK